[Event "Gothenburg op"]
[Site "Gothenburg"]
[Date "2022.08.14"]
[Round "8"]
[White "Eriksson, Joel"]
[Black "Josefsson, Ivar"]
[Result "1-0"]
[WhiteElo "1949"]
[BlackElo "1565"]
[PlyCount "57"]
[EventDate "2022.08.12"]
[EventType "swiss"]
[EventRounds "8"]
[EventCountry "SWE"]
[SourceTitle "CBM 209 Extra"]
[Source "ChessBase"]
[SourceDate "2022.09.30"]
[SourceVersion "1"]
[SourceVersionDate "2022.09.30"]
[SourceQuality "1"]

1. e4 e5 2. Bc4 Nf6 3. d4 exd4 4. Nf3 Bb4+ 5. c3 dxc3 6. 0-0 0-0 7. e5 Ne4 8. a3 Be7 9. Bd5 Nc5 10. Nxc3 d6 11. b4 Ne6 12. exd6 Bxd6 13. Ne4 Nc6 14. Bb2 Ne7 15. Ba2 Bf4 16. Qc2 c6 17. Rad1 Qc7 18. Bb1 Ng6 19. h4 f5 20. Nc5 Nxc5 21. Qxc5 Be6 22. h5 Ne7 23. Rfe1 Rad8 24. Rxd8 Rxd8 25. Rxe6 Rd1+ 26. Re1 Qd7 27. Qc3 Rxe1+ 28. Qxe1 Nd5 29. g3 1-0

[Event "Gothenburg op"]
[Site "Gothenburg"]
[Date "2022.08.12"]
[Round "1"]
[White "Josefsson, Ivar"]
[Black "Pettersson, Anders1"]
[Result "0-1"]
[WhiteElo "1565"]
[BlackElo "2042"]
[PlyCount "52"]
[EventDate "2022.08.12"]
[EventType "swiss"]
[EventRounds "8"]
[EventCountry "SWE"]
[SourceTitle "CBM 209 Extra"]
[Source "ChessBase"]
[SourceDate "2022.09.30"]
[SourceVersion "1"]
[SourceVersionDate "2022.09.30"]
[SourceQuality "1"]

1. d4 Nf6 2. c4 c5 3. d5 a6 4. Nc3 b5 5. cxb5 axb5 6. Nxb5 e6 7. Nc3 exd5 8. Nxd5 Bb7 9. Bg5 Bxd5 10. Bxf6 Qxf6 11. Qxd5 Qxb2 12. Qe4+ Be7 13. Rb1 Qxa2 14. Nf3 d5 15. Qf5 0-0 16. e3 g6 17. Qd3 c4 18. Qd1 Qa5+ 19. Ke2 Nc6 20. Nd4 Nxd4+ 21. Qxd4 Bc5 22. Qb2 c3 23. Qc2 Rfb8 24. Rxb8+ Rxb8 25. Kf3 Rb2 26. Qd3 Rd2 0-1